Statistics for Welsh Simple Words, Foods and Activities

Click here to take the quiz!

General Stats

  • This quiz has been taken 47 times
    (46 since last reset)
  • The average score is 59 of 112

Answer Stats

EnglishWelsh% Correct
WalesCymru
100%
WelshCymraeg
92%
GoodDa
92%
AndA
84%
TenDeg
84%
BlueGlas
84%
NightNos
84%
FourPedwar
84%
FivePump
84%
SevenSaith
84%
ThreeTri
84%
OneUn
84%
CarCar
82%
SixChwe
82%
RedCoch
82%
YellowMelyn
82%
TwoDau
79%
WaterDwr
79%
NineNaw
79%
PinkPinc
79%
MorningBore
76%
BlackDu
76%
EightWyth
76%
WelcomeCroeso
74%
GreenGwyrdd
74%
Orange (Fruit and Colour)Oren
74%
AppleAfal
71%
AfternoonPrynhawn
71%
FridayDydd Gwener
68%
ThursdayDydd Iau
68%
SundayDydd Sul
68%
MilkLlaeth
68%
MondayDydd Llun
66%
TuesdayDydd Mawrth
66%
SaturdayDydd Sadwrn
66%
WhiteGwyn
66%
CarrotMoron
66%
LoveCaru
63%
WednesdayDydd Mercher
63%
LikeHoffi
63%
WhoPwy
63%
EatBwyta
61%
WhyPam
61%
TeaTe
61%
DrinkYfed
61%
BananaBanana
58%
WhatBeth
58%
YesYdw
58%
CheeseCaws
55%
CoffeeCoffi
55%
HelloHelo
55%
PotatoesTatws
55%
WhereBle
53%
PlayChwarae
53%
SwimmingNofio
53%
PineapplePinafal
53%
PurplePorffor
53%
SoupCawl
50%
MeatCig
50%
GoodbyeHwyl
50%
WhenPryd
50%
HowSut
50%
BreadBara
47%
Do youDych Chi/Wyt Ti
47%
ToastTost
47%
WalkingCerdded
45%
WantEisiau
45%
EnjoyMwynhau
45%
NoNac Ydw
45%
Chips (British)Sglodion
45%
ChocolateSiocled
45%
FlowerBlodyn
42%
WatchingGwylio
42%
AswellHefyd
42%
TerribleOfnadwy
42%
BuyPrynu
42%
BrownBrown
39%
DinnerCinio
39%
BeerCwrw
39%
SeeGweld
39%
DriveGyrru
39%
GoingMynd
39%
EveningNoswaith
39%
PastaPasta
39%
SausagesSelsig
39%
BreakfastBrecwast
34%
CurryCyri
32%
PeasPys
32%
SauceSaws
32%
TelevisionTeledu
32%
LaughingChwerthin
29%
WorkGweithio
29%
MushroomsMadarch
29%
At AllO Gwbl
29%
TiredWedi Blino
29%
GrassGlaswellt
26%
ColourLiw
26%
A Cup Of TeaPaned
26%
TasteBlasu
24%
LeeksCennin
24%
StrawberriesMefus
24%
ParsnipsPannas
21%
Crisps (British)Creision
18%
SailingHwylio
18%
FineIawn
18%
ColouringLliwio
18%
RaspberriesMafon
16%
EitherChwaith
11%
OnionNionyn
11%
CucumberCiwcymbr
8%
CountingCyfrif
8%
CowFuwch
0%

Score Distribution

Percentile by Number Answered

Percent of People with Each Score

Your Score History

You have not taken this quiz since the last reset